000 00921nam a2200289 i 4500
003 EG-GICUC
005 20260415122754.0
008 260415s1897 fr ||||fr|||| 00| 0 fre d
040 _aEG-GiCUC
_bfre
_cEG-GiCUC
_dEG-GiCUC
_eRda
041 _afre
_hfre
082 0 4 _221
_a343.1112
_bB r . L
092 0 4 _221
099 _aLaw1 10 343.1112 B r . L 1897
100 1 _a Brouardel, P.
_eAuteur
245 _a L Infanticide
_cP. Brouarde
264 _aParis :
_bLibrairie J.-b ,
_c1897.
300 _a402 page :
_bAves 2 Pianches Coloriees Et 14 Figures Intercalees Dans Le Texte ;
_c 24 cm.
336 _2rda contenu
_a texte
337 _2rda medias
_aOrdinateur
338 _2 transporteur rda
_a Ressource en ligne
546 _aTexte en français
650 1 _aDroit pénal
_2qrmak
651 1 _2qrmak
856 4 0 _uhttps://fll.law.cu.edu.eg/B10-09187/bks/test.pdf
905 _a163
942 _2ddc
_cBK
_e21
_n0
999 _c71051
_d71051